| 000 | 00723nam a2200181 a 4500 | ||
|---|---|---|---|
| 001 | 000019228 | ||
| 005 | 20200929165945.0 | ||
| 008 | 100528s1961 sp r 000 0 spa d | ||
| 040 |
_aDO-SdBNP _bspa _cBNPHU |
||
| 082 |
_a860.09 _bA454 |
||
| 100 | 1 |
_aAlonso Pedraz, Martín _941361 |
|
| 245 | 1 | 0 |
_aAntología y comentarios de textos literarios : _bsexto curso de bachillerato / _cMartín Alonso. |
| 260 |
_aMadrid : _bCompañía Bibliográfica Española, _c1961. |
||
| 300 |
_a222 p. ; _c22 cm. |
||
| 500 | _aEn la portada: texto aprobado por el Ministerio de Educación Nacional orden de 21 de octubre de 1958 (B.O.M. de E. N. no.°87). | ||
| 650 | 4 |
_aLiteratura española _xCrítica e interpretación _94054 |
|
| 049 | _aBNGR | ||
| 999 |
_c18746 _d18746 |
||